| 000 | 01033cad a22002055a 4500 | ||
|---|---|---|---|
| 001 | L138128 | ||
| 008 | 070517s2007 xxk f f000 0 eng d | ||
| 035 | _a(Sirsi) u138128 | ||
| 041 | 0 | _aeng | |
| 050 | 0 | 4 | _a306.76 $2 18 |
| 110 | 2 |
_aUnited Kingdom _bDepartment for Communities and Local Government _94939 |
|
| 245 | 0 | 0 |
_aDraft guidance on the design of sites for gypsies and travellers _ba consultation paper |
| 260 |
_aLondon _bDCLG _c2007 |
||
| 520 | _aSeeks to define good practice of sites. Provides developers and site owners with an understanding of design features which facilitate site management. Desirable location, size and layout of a site are considered. Analysis is also made of the services and facilities which will be needed to assist in the site's smooth running. | ||
| 590 | _aKA | ||
| 651 | 4 |
_aEngland and Wales _y1543- |
|
| 690 |
_aPlanning and development _96259 |
||
| 856 | 4 | 0 |
_uhttps://www.communities.gov.uk/index.asp?id=1510554 _zView the article free of charge at www.communities.gov.uk... |
| 942 | _n0 | ||
| 999 |
_c107013 _d107013 |
||